Statistics for Countries by Annual Cucumber Production

Click here to take the quiz!

General Stats

  • This quiz has been taken 14 times
  • The average score is 14 of 20

Answer Stats

Pounds of CucumbersAnswer% Correct
155,070,702,246China
100%
1,208,352,222Japan
91%
3,585,505,783Russia
91%
1,629,655,104Spain
91%
1,494,467,806United States
91%
550,978,630Germany
82%
961,154,795Indonesia
82%
1,822,085,361Mexico
82%
1,145,079,628Poland
82%
4,225,473,900Turkey
82%
2,279,951,865Ukraine
73%
1,921,749,617Iran
64%
1,090,563,785Kazakhstan
64%
871,085,045South Korea
64%
1,885,077,968Uzbekistan
64%
803,740,518Egypt
55%
904,445,355Netherlands
45%
645,955,865Sudan
45%
548,710,076Azerbaijan
36%
667,655,939Cameroon
18%

Score Distribution

Percentile by Number Answered

Percent of People with Each Score

Your Score History

You have not taken this quiz